000 00415nam a2200157Ia 4500
008 240729s9999 xx 000 0 und d
245 0 _aActa Orthopaedica et Traumatologica Turcica
260 _aTürkiye
260 _bAVES
650 _a Orthopedic surgery
650 _a Surgery
650 _aMedicine
856 _uhttps://doaj.org/toc/291e60af3cbf4f8da6189a179ae785a6
942 _2ddc
942 _cDOAJEJ
999 _c70434
_d70434
945 _a1
_bMadushi Gamage
_c1
_dMadushi Gamage